[Event "Titled Tuesday intern op 17th Sep Early"]
[Site "Chess,com INT"]
[Date "2024.09.17"]
[Round "5"]
[White "Baches Garcia, Guillermo"]
[Black "Bashilin, Roman"]
[Result "1-0"]
[WhiteElo "2322"]
[BlackElo "2289"]
[PlyCount "95"]
[EventDate "2024.09.17"]
[EventType "swiss (blitz)"]
[EventRounds "11"]
[EventCountry "USA"]
[SourceTitle "EXT 2025"]
[Source "ChessBase"]
[SourceDate "2024.10.14"]
[SourceVersion "1"]
[SourceVersionDate "2024.10.14"]
[SourceQuality "1"]

1. e4 c5 2. Nf3 d6 3. d4 cxd4 4. Nxd4 Nf6 5. Nc3 a6 6. Be3 e5 7. Nb3 Be7 8. f3 Be6 9. Qd2 0-0 10. 0-0-0 b5 11. g4 Nbd7 12. g5 Nh5 13. Kb1 Nb6 14. Nd5 Bxd5 15. exd5 f6 16. Na5 Qc7 17. Nc6 Nc4 18. Bxc4 bxc4 19. g6 hxg6 20. Rdg1 f5 21. Rxg6 Bf6 22. Rhg1 f4 23. Bf2 c3 24. Qxc3 Qb7 25. b3 Qb5 26. Qd2 a5 27. c4 Qb7 28. Qd3 a4 29. b4 a3 30. b5 Ra4 31. Be1 Re8 32. Bb4 Qd7 33. R6g2 Rea8 34. Qg6 Qf7 35. Qe4 Rc8 36. Bxd6 g5 37. Rxg5+ Bxg5 38. Rxg5+ Ng7 39. Bxe5 Qb7 40. Rxg7+ Qxg7 41. Bxg7 Kxg7 42. Qe7+ Kg6 43. Qe6+ Kg5 44. Qg4+ Kf6 45. Qxc8 Rxc4 46. Qe6+ Kg7 47. Qe5+ Kg6 48. d6 1-0

[Event "Titled Tuesday intern op 17th Sep Early"]
[Site "Chess,com INT"]
[Date "2024.09.17"]
[Round "4"]
[White "Bashilin, Roman"]
[Black "Ghosh, Chanchal Kumer"]
[Result "1-0"]
[WhiteElo "2289"]
[BlackElo "2025"]
[PlyCount "47"]
[EventDate "2024.09.17"]
[EventType "swiss (blitz)"]
[EventRounds "11"]
[EventCountry "USA"]
[SourceTitle "EXT 2025"]
[Source "ChessBase"]
[SourceDate "2024.10.14"]
[SourceVersion "1"]
[SourceVersionDate "2024.10.14"]
[SourceQuality "1"]

1. d4 d5 2. c4 e6 3. Nc3 Nf6 4. cxd5 exd5 5. Bg5 Be7 6. e3 a6 7. Bd3 0-0 8. Nge2 h6 9. Bh4 b6 10. 0-0 Bb7 11. a3 Nbd7 12. b4 c5 13. bxc5 bxc5 14. Rb1 Bc6 15. dxc5 Nxc5 16. Nd4 Be8 17. Bf5 Bd7 18. Bxf6 Bxf6 19. Nxd5 Bxd4 20. Bxd7 Be5 21. Bc6 Rc8 22. Bb7 Nxb7 23. Rxb7 Rc6 24. Ne7+ 1-0

[Event "Titled Tuesday intern op 17th Sep Early"]
[Site "Chess,com INT"]
[Date "2024.09.17"]
[Round "7"]
[White "Charvi, A."]
[Black "Bashilin, Roman"]
[Result "1-0"]
[WhiteElo "1944"]
[BlackElo "2289"]
[PlyCount "35"]
[EventDate "2024.09.17"]
[EventType "swiss (blitz)"]
[EventRounds "11"]
[EventCountry "USA"]
[SourceTitle "EXT 2025"]
[Source "ChessBase"]
[SourceDate "2024.10.14"]
[SourceVersion "1"]
[SourceVersionDate "2024.10.14"]
[SourceQuality "1"]

1. e4 c5 2. Nf3 d6 3. d4 cxd4 4. Nxd4 Nf6 5. Nc3 a6 6. f3 e5 7. Nb3 Be7 8. Be3 Be6 9. Qd2 0-0 10. 0-0-0 b5 11. g4 Nbd7 12. g5 Nh5 13. Nd5 Bxd5 14. exd5 Nb6 15. Na5 Nxd5 16. Nc6 Nxe3 17. Nxd8 Nxd1 18. Nc6 1-0

[Event "Titled Tuesday intern op 17th Sep Early"]
[Site "Chess,com INT"]
[Date "2024.09.17"]
[Round "1"]
[White "Fomkin, Dmitry"]
[Black "Bashilin, Roman"]
[Result "1-0"]
[WhiteElo "2156"]
[BlackElo "2289"]
[PlyCount "49"]
[EventDate "2024.09.17"]
[EventType "swiss (blitz)"]
[EventRounds "11"]
[EventCountry "USA"]
[SourceTitle "EXT 2025"]
[Source "ChessBase"]
[SourceDate "2024.10.14"]
[SourceVersion "1"]
[SourceVersionDate "2024.10.14"]
[SourceQuality "1"]

1. e4 c5 2. Nf3 d6 3. d4 cxd4 4. Qxd4 Nf6 5. Bg5 e6 6. Nc3 Nc6 7. Bb5 Bd7 8. Bxc6 Bxc6 9. 0-0-0 Be7 10. Rhe1 0-0 11. Kb1 h6 12. Be3 b5 13. e5 dxe5 14. Nxe5 Qc7 15. Bf4 Rfd8 16. Qe3 Nh5 17. Rxd8+ Rxd8 18. Bxh6 gxh6 19. Qxh6 Ng7 20. Re3 Bxg2 21. f4 Qd6 22. a3 Nf5 23. Qh5 Nxe3 24. Qxf7+ Kh8 25. Ng6# 1-0

[Event "Titled Tuesday intern op 03rd Sep Early"]
[Site "Chess.com INT"]
[Date "2024.09.03"]
[Round "9"]
[White "Bashilin, Roman"]
[Black "Gurevich, Dmitry"]
[Result "0-1"]
[WhiteElo "2289"]
[BlackElo "2352"]
[PlyCount "102"]
[EventDate "2024.09.03"]
[EventType "swiss (blitz)"]
[EventRounds "11"]
[EventCountry "USA"]
[SourceTitle "EXT 2025"]
[Source "ChessBase"]
[SourceDate "2024.10.14"]
[SourceVersion "1"]
[SourceVersionDate "2024.10.14"]
[SourceQuality "1"]

1. d4 Nf6 2. c4 a6 3. Nc3 c5 4. d5 b5 5. cxb5 axb5 6. Nxb5 Qa5+ 7. Nc3 Bb7 8. Bd2 Qb6 9. e3 Nxd5 10. Nxd5 Bxd5 11. Bc3 e6 12. Nf3 f6 13. Bd3 Be7 14. 0-0 0-0 15. Qc2 f5 16. Ne5 Qb7 17. f3 Nc6 18. e4 Nxe5 19. Bxe5 fxe4 20. fxe4 Bc6 21. Qe2 c4 22. Bxc4 Bxe4 23. Qg4 Bg6 24. Bd3 Qd5 25. Bxg6 Qxe5 26. Be4 Bc5+ 27. Kh1 Rxf1+ 28. Rxf1 Rf8 29. Rxf8+ Bxf8 30. Qe2 Qd4 31. h3 Bc5 32. Qe1 Qxb2 33. a4 Qf2 34. Qxf2 Bxf2 35. a5 g6 36. a6 Kf7 37. g3 d5 38. Kg2 Ba7 39. Bd3 e5 40. Bb5 e4 41. Kf1 Ke6 42. Ke2 Ke5 43. Bc6 d4 44. Bb7 d3+ 45. Kd2 Kd4 46. Bc6 e3+ 47. Ke1 Bb6 48. Bb5 Ba5+ 49. Kd1 e2+ 50. Kc1 e1Q+ 51. Kb2 Qb4+ 0-1

[Event "Titled Tuesday intern op 03rd Sep Early"]
[Site "Chess.com INT"]
[Date "2024.09.03"]
[Round "6"]
[White "Bashilin, Roman"]
[Black "Haitin, Ilja"]
[Result "1-0"]
[WhiteElo "2289"]
[BlackElo "2249"]
[PlyCount "79"]
[EventDate "2024.09.03"]
[EventType "swiss (blitz)"]
[EventRounds "11"]
[EventCountry "USA"]
[SourceTitle "EXT 2025"]
[Source "ChessBase"]
[SourceDate "2024.10.14"]
[SourceVersion "1"]
[SourceVersionDate "2024.10.14"]
[SourceQuality "1"]

1. d4 d5 2. c4 e6 3. Nc3 Nf6 4. cxd5 exd5 5. Bg5 c6 6. e3 Bf5 7. Qf3 Bg6 8. Bxf6 Qxf6 9. Qxf6 gxf6 10. h4 h5 11. Nh3 Nd7 12. Nf4 a5 13. Be2 a4 14. a3 Bd6 15. Nd3 b5 16. 0-0 Nb6 17. f4 Bxd3 18. Bxd3 Nc4 19. Bxc4 bxc4 20. e4 Rg8 21. exd5 Kd7 22. dxc6+ Kxc6 23. Ne4 Rab8 24. Rf2 Rg4 25. Rc1 Bxf4 26. Rxc4+ Kd5 27. Nxf6+ Kxc4 28. Nxg4 Bg3 29. Ne3+ Kd3 30. Rf3 Be1 31. Nf5+ Ke4 32. Nd6+ Kxd4 33. Nxf7 Rxb2 34. Rf4+ Ke3 35. Rxa4 Rb1 36. Kh2 Bc3 37. Ra6 Kd3 38. Rd6+ Kc4 39. Re6 Kd5 40. Rh6 1-0

[Event "Titled Tuesday intern op 03rd Sep Early"]
[Site "Chess.com INT"]
[Date "2024.09.03"]
[Round "3"]
[White "Bashilin, Roman"]
[Black "Silva, Pedro Gil Ferreira"]
[Result "0-1"]
[WhiteElo "2289"]
[BlackElo "2229"]
[PlyCount "98"]
[EventDate "2024.09.03"]
[EventType "swiss (blitz)"]
[EventRounds "11"]
[EventCountry "USA"]
[SourceTitle "EXT 2025"]
[Source "ChessBase"]
[SourceDate "2024.10.14"]
[SourceVersion "1"]
[SourceVersionDate "2024.10.14"]
[SourceQuality "1"]

1. d4 Nf6 2. c4 e6 3. Nc3 Bb4 4. e3 0-0 5. Bd3 d6 6. a3 Bxc3+ 7. bxc3 e5 8. Ne2 Nc6 9. f3 Re8 10. 0-0 e4 11. Bc2 Qe7 12. Ng3 Na5 13. Qe2 exf3 14. gxf3 b6 15. e4 Ba6 16. Bd3 Qe6 17. d5 Qe5 18. f4 Qe7 19. Be3 Nb3 20. Rae1 Nc5 21. Bxc5 bxc5 22. e5 Nd7 23. Nf5 Qf8 24. e6 fxe6 25. dxe6 Qf6 26. Qg4 Nf8 27. Be4 Rab8 28. Bd5 Kh8 29. Kh1 c6 30. Bxc6 Rxe6 31. Rxe6 Nxe6 32. Bd5 Bb7 33. Rg1 Bxd5+ 34. cxd5 Nc7 35. Nxg7 Rg8 36. Qd7 Nxd5 37. Ne8 Rxg1+ 38. Kxg1 Qg6+ 39. Kf2 Qc2+ 40. Kg3 Qxc3+ 41. Kg4 Nf6+ 42. Nxf6 Qxf6 43. Qe8+ Kg7 44. Qd7+ Kh6 45. Qxa7 c4 46. Qe3 c3 47. f5+ Kg7 48. a4 c2 49. a5 h5+ 0-1

[Event "Titled Tuesday intern op 13th Aug Late"]
[Site "Chess.com INT"]
[Date "2024.08.13"]
[Round "3"]
[White "Bashilin, Roman"]
[Black "Kostiukov, Alexandr"]
[Result "0-1"]
[WhiteElo "2289"]
[BlackElo "2271"]
[PlyCount "60"]
[EventDate "2024.08.13"]
[EventType "swiss (blitz)"]
[EventRounds "11"]
[EventCountry "USA"]
[SourceTitle "EXT 2025"]
[Source "ChessBase"]
[SourceDate "2024.10.14"]
[SourceVersion "1"]
[SourceVersionDate "2024.10.14"]
[SourceQuality "1"]

1. d4 g6 2. c4 Bg7 3. e4 d6 4. Nc3 e5 5. Nge2 exd4 6. Nxd4 Nc6 7. Nxc6 bxc6 8. Be2 Ne7 9. 0-0 0-0 10. Be3 f5 11. Bd4 c5 12. Bxg7 Kxg7 13. Qd2 Rb8 14. b3 Nc6 15. Rfd1 Nd4 16. Bf1 f4 17. Nd5 f3 18. g3 c6 19. Ne3 h5 20. Nc2 Nxc2 21. Qxc2 h4 22. e5 hxg3 23. fxg3 d5 24. cxd5 cxd5 25. Qxc5 f2+ 26. Kh1 Bf5 27. Bg2 Rh8 28. Rxd5 Rxh2+ 29. Kxh2 Qh8+ 30. Bh3 Qxh3# 0-1

[Event "Titled Tuesday intern op 13th Aug Late"]
[Site "Chess.com INT"]
[Date "2024.08.13"]
[Round "9"]
[White "Bashilin, Roman"]
[Black "Yagiz, Yasin Emrah"]
[Result "0-1"]
[WhiteElo "2289"]
[BlackElo "2113"]
[PlyCount "102"]
[EventDate "2024.08.13"]
[EventType "swiss (blitz)"]
[EventRounds "11"]
[EventCountry "USA"]
[SourceTitle "EXT 2025"]
[Source "ChessBase"]
[SourceDate "2024.10.14"]
[SourceVersion "1"]
[SourceVersionDate "2024.10.14"]
[SourceQuality "1"]

1. d4 Nf6 2. c4 e6 3. Nc3 Bb4 4. e3 Bxc3+ 5. bxc3 b6 6. f3 d5 7. cxd5 exd5 8. Bd3 Bb7 9. Ne2 0-0 10. 0-0 c5 11. g4 Re8 12. Ng3 h6 13. Rb1 Ba6 14. Nf5 Bxd3 15. Qxd3 Nc6 16. Kh1 Ne7 17. Rg1 Nxf5 18. gxf5 Kh7 19. Rb2 Rg8 20. Rbg2 Qe7 21. Qd2 Ne8 22. Rg4 Rc8 23. e4 dxe4 24. fxe4 Rc6 25. e5 cxd4 26. cxd4 Qb7 27. d5 Rc5 28. Rd4 Rxd5 29. Rxd5 Nc7 30. e6 Qxd5+ 31. Qxd5 Nxd5 32. exf7 Rf8 33. Rd1 Nf6 34. Bb2 Rxf7 35. Kg2 Rc7 36. Rd2 Ne4 37. Re2 Nd6 38. f6 gxf6 39. Bxf6 Nf5 40. Bb2 Kg6 41. Re6+ Kg5 42. Bf6+ Kg4 43. h3+ Kh5 44. Re5 Kg6 45. Bd8 Rc2+ 46. Kf3 Rxa2 47. Re6+ Kg7 48. Kf4 Nd4 49. Bf6+ Kf7 50. Rd6 Ne6+ 51. Kf5 Ra5+ 0-1

[Event "Titled Tuesday intern op 13th Aug Late"]
[Site "Chess.com INT"]
[Date "2024.08.13"]
[Round "1"]
[White "Rensch, Daniel"]
[Black "Bashilin, Roman"]
[Result "1-0"]
[WhiteElo "2402"]
[BlackElo "2289"]
[PlyCount "75"]
[EventDate "2024.08.13"]
[EventType "swiss (blitz)"]
[EventRounds "11"]
[EventCountry "USA"]
[SourceTitle "EXT 2025"]
[Source "ChessBase"]
[SourceDate "2024.10.14"]
[SourceVersion "1"]
[SourceVersionDate "2024.10.14"]
[SourceQuality "1"]

1. e4 c5 2. Nf3 d6 3. d4 cxd4 4. Nxd4 Nf6 5. Nc3 a6 6. Be3 e5 7. Nb3 Be7 8. f3 Be6 9. Qd2 0-0 10. 0-0-0 Nbd7 11. g4 b5 12. g5 Nh5 13. Nd5 Bxd5 14. exd5 a5 15. Bxb5 a4 16. Na1 Nb6 17. Bc6 Rb8 18. Qd3 Bxg5 19. b3 Bxe3+ 20. Qxe3 Nf4 21. c4 Qg5 22. Nc2 axb3 23. axb3 Rfc8 24. h4 Qh6 25. Kd2 Na8 26. Ra1 Qg6 27. Rhg1 Qh5 28. Rg4 f5 29. Rxf4 exf4 30. Qxf4 Qg6 31. Nd4 Qg2+ 32. Kc3 Nb6 33. Ra7 Qf2 34. Nxf5 Qe1+ 35. Qd2 Qe5+ 36. Qd4 Qxd4+ 37. Kxd4 g6 38. Ne7+ 1-0

[Event "Titled Tuesday intern op 26th Jul Late"]
[Site "Chess.com INT"]
[Date "2022.07.26"]
[Round "7"]
[White "Bashilin, Roman"]
[Black "Gatterer, Florian"]
[Result "0-1"]
[WhiteElo "2285"]
[BlackElo "2167"]
[PlyCount "46"]
[EventDate "2022.07.26"]
[EventType "swiss (blitz)"]
[EventRounds "11"]
[EventCountry "USA"]
[SourceTitle "EXT 2023"]
[Source "ChessBase"]
[SourceDate "2022.10.05"]
[SourceVersion "1"]
[SourceVersionDate "2022.10.05"]
[SourceQuality "1"]

1. d4 d5 2. Nf3 e6 3. Bf4 Bd6 4. Bg3 c5 5. e3 Nc6 6. c3 Nf6 7. Bd3 0-0 8. Ne5 Bxe5 9. dxe5 Ne4 10. Bxe4 dxe4 11. Nd2 Qd5 12. Qh5 b6 13. 0-0-0 Qxa2 14. Qg4 Bb7 15. h4 Rad8 16. h5 Rxd2 17. Rxd2 Qa1+ 18. Kc2 Qxh1 19. Bh4 Kh8 20. h6 Rg8 21. hxg7+ Rxg7 22. Bf6 Qh6 23. Rd7 Qxf6 0-1

[Event "Titled Tuesday intern op 26th Jul Late"]
[Site "Chess.com INT"]
[Date "2022.07.26"]
[Round "5"]
[White "Bashilin, Roman"]
[Black "Zanette, Edgard Vinicius"]
[Result "0-1"]
[WhiteElo "2285"]
[BlackElo "2115"]
[PlyCount "60"]
[EventDate "2022.07.26"]
[EventType "swiss (blitz)"]
[EventRounds "11"]
[EventCountry "USA"]
[SourceTitle "EXT 2023"]
[Source "ChessBase"]
[SourceDate "2022.10.05"]
[SourceVersion "1"]
[SourceVersionDate "2022.10.05"]
[SourceQuality "1"]

1. d4 Nf6 2. Nf3 e6 3. Bg5 c5 4. e3 Be7 5. c3 b6 6. Bd3 Bb7 7. Nbd2 0-0 8. 0-0 d5 9. Ne5 Nbd7 10. f4 Ne4 11. Bxe7 Qxe7 12. Rf3 f5 13. Rh3 Ndf6 14. Ndf3 Rfd8 15. Ng5 h6 16. Ngf3 Ng4 17. Nh4 Nef2 18. Qe2 Nxh3+ 19. gxh3 Nxe5 20. dxe5 Qxh4 21. Qf3 Rd7 22. Qg3 Qxg3+ 23. hxg3 d4 24. exd4 cxd4 25. c4 Rc8 26. b3 Be4 27. Rd1 Bxd3 28. Rxd3 b5 29. Kf2 bxc4 30. bxc4 Rxc4 0-1

[Event "Titled Tuesday intern op 19th Jul Late"]
[Site "Chess.com INT"]
[Date "2022.07.19"]
[Round "4"]
[White "Bashilin, Roman"]
[Black "Cruz, Jonathan"]
[Result "0-1"]
[WhiteElo "2285"]
[BlackElo "2375"]
[PlyCount "84"]
[EventDate "2022.07.19"]
[EventType "swiss (blitz)"]
[EventRounds "11"]
[EventCountry "USA"]
[SourceTitle "EXT 2023"]
[Source "ChessBase"]
[SourceDate "2022.10.05"]
[SourceVersion "1"]
[SourceVersionDate "2022.10.05"]
[SourceQuality "1"]

1. d4 d5 2. Nf3 Nf6 3. Bf4 e6 4. e3 Bd6 5. Bg3 c5 6. c3 Nc6 7. Bd3 Qe7 8. Ne5 Bxe5 9. dxe5 Nd7 10. f4 f6 11. exf6 Nxf6 12. 0-0 0-0 13. Nd2 e5 14. e4 c4 15. fxe5 Nxe5 16. Bc2 Neg4 17. exd5 Nxd5 18. Rxf8+ Qxf8 19. Nxc4 Nde3 20. Nxe3 Nxe3 21. Bb3+ Kh8 22. Qd3 Nf5 23. Rf1 a5 24. Be5 Ra6 25. Bc2 Qc5+ 26. Bd4 Qe7 27. Rxf5 Bxf5 28. Qxf5 Qe1+ 29. Qf1 Qe7 30. h3 Re6 31. Qf5 Re1+ 32. Kh2 Qd6+ 33. g3 Re2+ 34. Kh1 Qc6+ 35. Be4 Qxe4+ 36. Qxe4 Rxe4 37. a3 Re1+ 38. Kg2 Re2+ 39. Kf3 Rxb2 40. Ke4 Rb3 41. a4 Ra3 42. Kd5 Rxa4 0-1

[Event "GER-ch Net Amateur Gr-A Final"]
[Site "Playchess.com INT"]
[Date "2020.04.18"]
[Round "7"]
[White "Bashilin, Roman"]
[Black "Fuchs, Heinz"]
[Result "0-1"]
[WhiteElo "2319"]
[BlackElo "2079"]
[PlyCount "112"]
[EventDate "2020.04.18"]
[EventType "swiss (blitz)"]
[EventRounds "13"]
[EventCountry "GER"]
[SourceTitle "CBM 195 Extra"]
[Source "ChessBase"]
[SourceDate "2020.05.31"]
[SourceVersion "1"]
[SourceVersionDate "2020.05.31"]
[SourceQuality "1"]

1. d4 Nf6 2. Nf3 g6 3. Bf4 Bg7 4. e3 d6 5. h3 0-0 6. Be2 c5 7. c3 Be6 8. Ng5 Bf5 9. 0-0 h6 10. Nf3 Be6 11. Nbd2 Qb6 12. b3 cxd4 13. cxd4 Nd5 14. Nc4 Qd8 15. Bh2 Nc3 16. Qd2 Nxe2+ 17. Qxe2 Nc6 18. Rfd1 Bd7 19. Rac1 b5 20. Ncd2 Qa5 21. Nb1 Rfc8 22. a3 Qb6 23. Nc3 a6 24. Nd5 Qd8 25. b4 Be6 26. Nf4 Bc4 27. Qd2 d5 28. Nd3 a5 29. Nc5 axb4 30. axb4 Ra7 31. Ra1 Rca8 32. Rxa7 Rxa7 33. Ne5 Qb6 34. Ned7 Qd8 35. Ne5 Qa8 36. Nxc6 Qxc6 37. Rc1 Qa8 38. Bg3 Ra2 39. Rc2 Ra1+ 40. Kh2 Qa3 41. Nd7 Rb1 42. Ne5 Qxb4 43. Qxb4 Rxb4 44. Nxc4 dxc4 45. d5 Rb1 46. e4 Rb2 47. Rc1 c3 48. e5 b4 49. d6 exd6 50. exd6 Rd2 51. Rb1 c2 52. Rc1 b3 53. Bf4 Rd1 54. d7 Rxd7 55. Kg3 Rd1 56. Kf3 Bb2 0-1

[Event "GER-ch Net Amateur Gr-A Final"]
[Site "Playchess.com INT"]
[Date "2020.04.18"]
[Round "10"]
[White "Bashilin, Roman"]
[Black "Vatter, Hans Joachim"]
[Result "1/2-1/2"]
[WhiteElo "2319"]
[BlackElo "1976"]
[PlyCount "124"]
[EventDate "2020.04.18"]
[EventType "swiss (blitz)"]
[EventRounds "13"]
[EventCountry "GER"]
[SourceTitle "CBM 195 Extra"]
[Source "ChessBase"]
[SourceDate "2020.05.31"]
[SourceVersion "1"]
[SourceVersionDate "2020.05.31"]
[SourceQuality "1"]

1. d4 d6 2. Nf3 Bg4 3. Bf4 Bxf3 4. exf3 g6 5. c3 Bg7 6. Qb3 Qc8 7. Be2 Nf6 8. h3 0-0 9. 0-0 Nbd7 10. Nd2 e5 11. dxe5 Nxe5 12. Rfe1 a5 13. a4 Re8 14. Nc4 Nfd7 15. Be3 b6 16. f4 Nxc4 17. Bxc4 Rf8 18. Bd5 Rb8 19. Qc4 Nf6 20. Bf3 Qd7 21. Bd4 d5 22. Qd3 c6 23. Be5 Rbd8 24. Rad1 c5 25. Qb5 Qxb5 26. axb5 Ne4 27. Bc7 Rd7 28. Bxb6 Rb8 29. Bxe4 Rxb6 30. Rxd5 Rxd5 31. Bxd5 Rxb5 32. Re8+ Bf8 33. b3 Kg7 34. Bc4 Rb6 35. Ra8 Bd6 36. g3 Rc6 37. Rxa5 Rc7 38. Ra6 Be7 39. Kg2 Bf6 40. Kf3 Bxc3 41. Ke4 Bd4 42. f3 Rd7 43. f5 Bf2 44. f6+ Kh6 45. Bd5 Bxg3 46. Rb6 Rd6 47. Rxd6 Bxd6 48. Bxf7 Kg5 49. Kd5 Bf8 50. Ke6 h5 51. Be8 Kh6 52. Bc6 g5 53. Be4 g4 54. fxg4 hxg4 55. hxg4 Kg5 56. Kf7 Bd6 57. Kg7 Be5 58. Kf7 Bxf6 59. Bf5 Bd4 60. Ke6 Be3 61. Kd5 Bf2 62. Kc4 Be3 1/2-1/2

[Event "GER-ch Net Amateur Gr-A Final"]
[Site "Playchess.com INT"]
[Date "2020.04.18"]
[Round "12"]
[White "Marcziter, Dmitrii"]
[Black "Bashilin, Roman"]
[Result "1-0"]
[WhiteElo "2075"]
[BlackElo "2319"]
[PlyCount "111"]
[EventDate "2020.04.18"]
[EventType "swiss (blitz)"]
[EventRounds "13"]
[EventCountry "GER"]
[SourceTitle "CBM 195 Extra"]
[Source "ChessBase"]
[SourceDate "2020.05.31"]
[SourceVersion "1"]
[SourceVersionDate "2020.05.31"]
[SourceQuality "1"]

1. e4 e6 2. d4 d5 3. e5 b6 4. f4 Qd7 5. Nf3 Ne7 6. Bd3 Ba6 7. Bxa6 Nxa6 8. c3 Rc8 9. Be3 c5 10. Nbd2 Nf5 11. Bf2 h5 12. 0-0 h4 13. g4 hxg3 14. hxg3 cxd4 15. cxd4 Nb4 16. g4 Nh6 17. Ne1 g6 18. a3 Nc6 19. Rc1 Na5 20. Rxc8+ Qxc8 21. Kg2 Ng8 22. Nef3 Nc4 23. Nxc4 Qxc4 24. Qd2 Qc7 25. Rc1 Qd7 26. Bh4 Be7 27. Bg5 Bxg5 28. Nxg5 Ne7 29. Qc2 0-0 30. Qc7 Rd8 31. Qxd7 Rxd7 32. b4 b5 33. Rc5 a6 34. Kf3 Kg7 35. Nh3 f6 36. Nf2 fxe5 37. fxe5 g5 38. Nd3 Ra7 39. Ke3 Kf7 40. Rc1 Kg7 41. Nc5 Ng6 42. Nxe6+ Kg8 43. Nxg5 a5 44. Rc6 Ne7 45. Re6 axb4 46. axb4 Ra3+ 47. Kf2 Rd3 48. Rxe7 Rxd4 49. Kf3 Rxb4 50. e6 Kf8 51. Rd7 Ke8 52. Rxd5 Ke7 53. Rd7+ Ke8 54. Ne4 Rb1 55. Nf6+ Kf8 56. e7+ 1-0

[Event "GER-ch Net Amateur Gr-A Final"]
[Site "Playchess.com INT"]
[Date "2020.04.18"]
[Round "3"]
[White "Yankelevich, Michael"]
[Black "Bashilin, Roman"]
[Result "1-0"]
[WhiteElo "1994"]
[BlackElo "2319"]
[PlyCount "147"]
[EventDate "2020.04.18"]
[EventType "swiss (blitz)"]
[EventRounds "13"]
[EventCountry "GER"]
[SourceTitle "CBM 195 Extra"]
[Source "ChessBase"]
[SourceDate "2020.05.31"]
[SourceVersion "1"]
[SourceVersionDate "2020.05.31"]
[SourceQuality "1"]

1. e4 e6 2. d4 d5 3. Bd3 Nf6 4. e5 Nfd7 5. c3 c5 6. Ne2 Nc6 7. Bc2 b5 8. 0-0 Ba6 9. Re1 Be7 10. Be3 b4 11. Ba4 Qb6 12. cxb4 Nxb4 13. Nf4 g6 14. Nc3 Nc6 15. Nce2 Bb5 16. Bxb5 Qxb5 17. b3 0-0 18. Rc1 cxd4 19. Nxd4 Nxd4 20. Bxd4 Rfc8 21. Qd2 Bb4 22. Bc3 Bxc3 23. Rxc3 Rxc3 24. Qxc3 Nb6 25. Qd3 Qb4 26. Qe3 Rc8 27. Rc1 Rxc1+ 28. Qxc1 d4 29. Nd3 Qb5 30. Qc2 Nd5 31. h3 Nb4 32. Nxb4 Qxb4 33. Kf1 Qb5+ 34. Ke1 Qxe5+ 35. Kd2 Qf4+ 36. Ke1 e5 37. b4 e4 38. b5 e3 39. fxe3 Qxe3+ 40. Qe2 Qc3+ 41. Qd2 Qc4 42. Qe2 Qd5 43. a4 d3 44. Qd2 Kg7 45. Qc3+ f6 46. Qc7+ Kh6 47. Qf4+ Kg7 48. Qc7+ Kf8 49. Qc8+ Ke7 50. Qc7+ Ke6 51. Qc8+ Ke5 52. Qc3+ Qd4 53. Qc7+ Qd6 54. Qc3+ Ke4 55. Qc4+ Qd4 56. Qe6+ Qe5 57. Qg4+ Kd5+ 58. Kd2 f5 59. Qf3+ Qe4 60. a5 Qxf3 61. gxf3 Kc5 62. b6 Kc6 63. bxa7 Kb7 64. Kxd3 Kxa7 65. Kd4 Ka6 66. Ke5 Kxa5 67. Kf6 Kb5 68. Kg7 Kc5 69. Kxh7 g5 70. Kg6 g4 71. fxg4 fxg4 72. hxg4 Kd5 73. Kf6 Ke4 74. g5 1-0

[Event "GER-ch Net Amateur Gr-A Vor3"]
[Site "Playchess.com INT"]
[Date "2020.04.16"]
[Round "6"]
[White "Wend, Uwe"]
[Black "Bashilin, Roman"]
[Result "0-1"]
[WhiteElo "2016"]
[BlackElo "1620"]
[PlyCount "56"]
[EventDate "2020.04.16"]
[EventType "swiss (blitz)"]
[EventRounds "9"]
[EventCountry "GER"]
[SourceTitle "CBM 195 Extra"]
[Source "ChessBase"]
[SourceDate "2020.05.31"]
[SourceVersion "1"]
[SourceVersionDate "2020.05.31"]
[SourceQuality "1"]

1. e4 e6 2. d4 d5 3. exd5 exd5 4. Nf3 Bd6 5. Bd3 Ne7 6. 0-0 0-0 7. c3 Bf5 8. Be3 Bxd3 9. Qxd3 Nd7 10. Nbd2 Nf6 11. Ne5 Qc8 12. f4 Qf5 13. Qe2 Rfe8 14. g4 Qc2 15. Rf2 Qxb2 16. Re1 Qxc3 17. g5 Ne4 18. Nxe4 dxe4 19. Rc1 Qb4 20. f5 Nd5 21. f6 Bxe5 22. dxe5 Rxe5 23. Bc5 Rxg5+ 24. Kh1 Qa5 25. Qxe4 Nxf6 26. Qxb7 Re8 27. Bb4 Qe5 28. Qxc7 Qe4+ 0-1

[Event "GER-ch Net Amateur Gr-A Vor2"]
[Site "Playchess.com INT"]
[Date "2020.04.15"]
[Round "3"]
[White "Wiechert, Hans"]
[Black "Bashilin, Roman"]
[Result "0-1"]
[WhiteElo "1838"]
[BlackElo "1620"]
[PlyCount "96"]
[EventDate "2020.04.15"]
[EventType "swiss (blitz)"]
[EventRounds "9"]
[EventCountry "GER"]
[SourceTitle "CBM 196 Extra"]
[Source "ChessBase"]
[SourceDate "2020.07.31"]
[SourceVersion "1"]
[SourceVersionDate "2020.07.31"]
[SourceQuality "1"]

1. d4 Nf6 2. c4 c5 3. d5 g6 4. Nc3 Bg7 5. Nf3 0-0 6. g3 d6 7. Bg2 e6 8. 0-0 exd5 9. cxd5 a6 10. a4 Re8 11. Bf4 Bg4 12. h3 Bxf3 13. Bxf3 Qc7 14. Rc1 Nbd7 15. b4 b6 16. a5 bxa5 17. bxc5 Nxc5 18. Na4 Nfd7 19. Be3 Rxe3 20. fxe3 Re8 21. e4 Qa7 22. Nxc5 Nxc5 23. Kg2 a4 24. Qc2 Be5 25. Rb1 Qe7 26. Qd2 a3 27. h4 h5 28. Rb6 Qc7 29. Rfb1 Bb2 30. R1xb2 axb2 31. Rxb2 a5 32. Ra2 a4 33. Qd4 Qa5 34. e3 a3 35. Qa1 Nd7 36. Rxa3 Qd2+ 37. Kh3 Ne5 38. Qf1 Qb4 39. Ra7 Rc8 40. Bg2 Kg7 41. Ra6 Rc2 42. Qf4 Qb2 43. Qf1 Rf2 44. Qg1 Qe2 45. Rxd6 Qg4+ 46. Kh2 Nf3+ 47. Kh1 Nxg1 48. Kxg1 Qxg3 0-1

[Event "GER-ch Net Amateur Gr-A Vor1"]
[Site "Playchess.com INT"]
[Date "2020.04.14"]
[Round "6"]
[White "Bashilin, Roman"]
[Black "Schulz, Karsten"]
[Result "1-0"]
[WhiteElo "1620"]
[BlackElo "2306"]
[PlyCount "103"]
[EventDate "2020.04.14"]
[EventType "swiss (blitz)"]
[EventRounds "9"]
[EventCountry "GER"]
[SourceTitle "EXT 2021"]
[Source "ChessBase"]
[SourceDate "2020.10.23"]
[SourceVersion "1"]
[SourceVersionDate "2020.10.23"]
[SourceQuality "1"]

1. e4 g6 2. d4 Bg7 3. Nc3 d6 4. Be3 a6 5. Qd2 b5 6. 0-0-0 Nd7 7. g4 Bb7 8. f3 Rc8 9. h4 h5 10. gxh5 Rxh5 11. Nge2 c5 12. Ng3 Rh8 13. h5 b4 14. Nb1 Qa5 15. a3 cxd4 16. Bxd4 Nc5 17. Bc4 e5 18. axb4 Qc7 19. bxc5 exd4 20. hxg6 d5 21. gxf7+ Kxf7 22. exd5 Qxc5 23. Na3 Rxh1 24. Rxh1 Bxd5 25. Rh5 Nf6 26. Rxd5 Nxd5 27. Qg5 Rd8 28. Qxd8 Ke6 29. Qg8+ Kd6 30. Qxg7 Ne3 31. Qf6+ Kc7 32. Qf7+ Kd8 33. Ne4 Qb4 34. Qf6+ Kc7 35. Qd6+ Qxd6 36. Nxd6 Kxd6 37. Bxa6 Kc5 38. Bd3 Kb4 39. f4 Nd5 40. f5 Nf6 41. Nc4 Kc5 42. Ne5 Kd5 43. Nf3 Ng4 44. b4 Nf6 45. Kb2 Nd7 46. Kb3 Nb6 47. b5 Nd7 48. Kb4 Nf6 49. Ka5 Kd6 50. Ka6 Nd7 51. b6 Nc5+ 52. Ka7 1-0